[Event "TCh-RUS Premier 2019"]
[Site "Sochi RUS"]
[Date "2019.05.10"]
[Round "9.3"]
[Board "4"]
[White "Grachev, Boris"]
[Black "Kokarev, Dmitry"]
[Result "1-0"]
[WhiteTitle "GM"]
[BlackTitle "GM"]
[WhiteElo "2615"]
[BlackElo "2605"]
[WhiteTeam "ShSM Legacy Square Capital (Moscow)"]
[BlackTeam "Strazhi pravoporyadka (St. Petersburg)"]
[WhiteFideId "4129199"]
[BlackFideId "4132181"]
[EventDate "2019.05.01"]

1. Nf3 Nf6 2. g3 g6 3. b3 Bg7 4. Bb2 c5 5. c4 Nc6 6. Bg2 d6 7. d4 cxd4 8. Nxd4
Bd7 9. O-O O-O 10. Qd2 Nxd4 11. Bxd4 Bc6 12. Nc3 Bxg2 13. Kxg2 a6 14. a4 e6 15.
Rfd1 Qc7 16. Rac1 Rfd8 17. f3 Rac8 18. e4 Ne8 19. Bxg7 Kxg7 20. Qd4+ Kg8 21. Rd3
Qc5 22. Rcd1 Qxd4 23. Rxd4 Kf8 24. a5 Ke7 25. Na4 e5 26. R4d2 f5 27. Nb6 Rc6 28.
f4 fxe4 29. fxe5 Rc5 30. Rd5 Rxd5 31. Rxd5 dxe5 32. Rxe5+ Kf7 33. Rxe4 Rd2+ 34.
Kf3 Rb2 35. Re3 Ng7 36. Rd3 Ne6 37. Rd7+ Kf6 38. b4 Ke5 39. Rd5+ Kf6 40. Rd7 Ke5
41. Rxb7 h5 42. b5 axb5 43. a6 b4 44. a7 Nd4+ 45. Ke3 Nc2+ 46. Kd2 Na3+ 47. Kd1
Ke4 48. a8=Q 1-0

[Event "TCh-RUS Premier 2019"]
[Site "Sochi RUS"]
[Date "2019.05.10"]
[Round "9.4"]
[Board "1"]
[White "Riazantsev, Alexander"]
[Black "Schekachikhin, Maksim"]
[Result "1/2-1/2"]
[WhiteTitle "GM"]
[BlackTitle "IM"]
[WhiteElo "2653"]
[BlackElo "2424"]
[WhiteTeam "HQ Sima-land (Sverdlovsk region)"]
[BlackTeam "Muzhskoe Dvizhenie (St. Petersburg)"]
[WhiteFideId "4125029"]
[BlackFideId "24177830"]
[EventDate "2019.05.01"]

1. d4 Nf6 2. c4 c6 3. Nf3 d5 4. e3 Bf5 5. Nc3 e6 6. Nh4 Be4 7. f3 Bg6 8. Qb3 Qc7
9. Bd2 Be7 10. O-O-O dxc4 11. Bxc4 b5 12. Be2 a6 13. Nxg6 hxg6 14. Ne4 Nbd7 15.
Kb1 Rc8 16. Rc1 Rxh2 17. Ba5 Qb8 18. a4 Rxh1 19. Rxh1 Nd5 20. Be1 N7f6 21. Bd2
Nb6 22. axb5 axb5 23. Nc5 Bxc5 24. dxc5 Nbd7 25. e4 Ke7 26. Be3 Rd8 27. g4 Qe5
28. Qc2 Ra8 29. Rd1 Qc7 30. Qd2 Ne8 31. Bf4 e5 32. Bg5+ f6 33. Be3 Qa7 34. Qc3
Qa2+ 35. Kc2 Qa4+ 36. Kc1 Qa1+ 37. Kd2 Qa5 38. Qxa5 Rxa5 39. Kc3 g5 40. Bd3 Nc7
41. Bc2 Ne6 42. Rd6 Ra6 43. Kb4 Nd8 44. Rd1 Ra2 45. Kc3 Nb7 46. b4 Nf8 47. Bb3
Ra8 48. Rh1 Ng6 49. Bf2 Nd8 50. Rh7 Kf8 51. Rh1 Ra7 52. Rd1 Ke7 53. Rh1 Rd7 54.
Rd1 Ra7 55. Kb2 Nh4 56. Rd3 Rc7 57. Bd1 Ne6 58. Rd6 Ng6 59. Bb3 Nd8 60. Rd1 Nf4
61. Be3 Ng2 62. Bf2 Rd7 63. Rxd7+ Kxd7 64. Kc3 Nh4 65. Bd1 Ne6 66. Kd3 Nf4+ 67.
Ke3 Nhg2+ 68. Kd2 Ke7 69. Bb3 Nh3 70. Bg3 Nhf4 71. Bf2 Nh4 72. Ke3 Ne6 73. Bxe6
Ng2+ 74. Ke2 Kxe6 75. Be1 g6 76. Bc3 Nf4+ 77. Ke3 f5 78. Bd2 Kf6 79. Bc3 Ne6 80.
Bb2 Nf8 81. Kf2 Nd7 82. Bc1 Nf8 83. Bd2 Nh7 84. Bc1 Ke6 85. Bd2 Kf7 86. Bc1 Ke7
87. Bd2 Ke6 88. Bc1 Nf6 89. Bxg5 Nd7 90. Bd2 f4 91. Kg2 Kf6 92. Be1 Nf8 93. Bh4+
Kf7 94. Be1 Ne6 95. Bc3 Kf6 96. Kf2 Ng5 97. Kg2 Ke6 1/2-1/2

[Event "TCh-RUS Premier 2019"]
[Site "Sochi RUS"]
[Date "2019.05.10"]
[Round "9.4"]
[Board "2"]
[White "Duzhakov, Ilya"]
[Black "Motylev, Alexander"]
[Result "0-1"]
[WhiteTitle "IM"]
[BlackTitle "GM"]
[WhiteElo "2388"]
[BlackElo "2650"]
[WhiteTeam "Muzhskoe Dvizhenie (St. Petersburg)"]
[BlackTeam "HQ Sima-land (Sverdlovsk region)"]
[WhiteFideId "4192516"]
[BlackFideId "4121830"]
[EventDate "2019.05.01"]

1. d4 d5 2. c4 e6 3. Nc3 a6 4. Nf3 dxc4 5. a4 Nc6 6. e3 Na5 7. Ne5 Nf6 8. Nxc4
c5 9. Ne5 Bd6 10. Be2 O-O 11. O-O Qc7 12. Nf3 Rd8 13. Qc2 b6 14. dxc5 bxc5 15.
h3 Rb8 16. Rb1 c4 17. e4 h6 18. Be3 e5 19. Rfd1 Be6 20. Nd5 Nxd5 21. exd5 Bd7
22. Bd2 Nb3 23. Bxc4 Bxa4 24. Rdc1 Qb7 25. Re1 Nxd2 26. Qxd2 Bb4 27. Qe3 Bxe1
28. Rxe1 Bb3 29. Bd3 Bxd5 30. Nxe5 Re8 31. Qd4 Qb4 32. Qxb4 Rxb4 33. Bxa6 Rxb2
34. Re3 Ra8 35. Nd7 Bc6 36. Nc5 Rc2 0-1

[Event "TCh-RUS Premier 2019"]
[Site "Sochi RUS"]
[Date "2019.05.10"]
[Round "9.4"]
[Board "3"]
[White "Sarana, Alexey"]
[Black "Vlasenko, Miroslav"]
[Result "1/2-1/2"]
[WhiteTitle "GM"]
[BlackTitle "IM"]
[WhiteElo "2636"]
[BlackElo "2424"]
[WhiteTeam "HQ Sima-land (Sverdlovsk region)"]
[BlackTeam "Muzhskoe Dvizhenie (St. Petersburg)"]
[WhiteFideId "24133795"]
[BlackFideId "4151887"]
[EventDate "2019.05.01"]

1. e4 c5 2. Nf3 a6 3. c3 d5 4. exd5 Qxd5 5. d4 e6 6. Be3 cxd4 7. cxd4 Nf6 8. Nc3
Qd6 9. Bd3 Nc6 10. a3 Be7 11. O-O O-O 12. Rc1 Bd7 13. Qd2 Na5 14. Bf4 Qb6 15.
Qe3 Bc6 16. Ne5 Rfd8 17. b4 Nb3 18. Rcd1 Bb5 19. Nxb5 axb5 20. Bxh7+ Nxh7 21.
Qxb3 Qa7 22. Bc1 Rd5 23. Bb2 Nf6 24. Rc1 Bd6 25. Qf3 Rd8 26. Rfe1 Qb8 27. h3 Bc7
28. Qe3 Bd6 29. Rc2 Qa7 30. Qe2 Bxe5 31. dxe5 Nd7 32. Qg4 Qb8 33. Qg5 Nb6 34.
Re4 f5 35. Rh4 Nc4 36. Qg6 Rxe5 37. Bxe5 Qxe5 38. Rc1 Nxa3 39. Qh7+ Kf7 40. Qh5+
Kf6 41. Rd1 Rd5 42. f4 Qe3+ 43. Kh2 Rxd1 44. Qxd1 Nc4 45. Qd8+ Kf7 46. Qd7+ Kf6
47. Qxb5 Qf2 48. Qxc4 Qxh4 49. g3 Qh5 50. Qd4+ Kg6 51. Qe5 Kf7 52. Qc7+ Kg6 53.
Qxb7 Qe2+ 54. Qg2 Qb5 55. Qa2 Kf7 56. Qb2 Ke8 57. Qe5 Qc4 58. Qb2 Kd8 59. h4 g6
60. h5 gxh5 61. Kh3 Qf1+ 62. Kh4 Qf3 63. Qh8+ Ke7 64. Qg7+ Ke8 65. Qh8+ Ke7 66.
Qxh5 Qf2 67. Qh7+ Kf6 68. Qh8+ Kg6 69. Qe8+ Kf6 70. Qd8+ Kg6 71. Qg5+ Kf7 72.
Qh5+ Kf6 73. Qh8+ Kg6 74. Qe8+ Kf6 75. Qd8+ Kg6 76. Qg8+ Kf6 77. Qg5+ Kf7 78.
Kh5 Qh2+ 79. Qh4 Qb2 80. Qd8 Qh2+ 81. Qh4 1/2-1/2

[Event "TCh-RUS Premier 2019"]
[Site "Sochi RUS"]
[Date "2019.05.10"]
[Round "9.4"]
[Board "4"]
[White "Lintchevski, Daniil"]
[Black "Oparin, Grigoriy"]
[Result "1/2-1/2"]
[WhiteTitle "GM"]
[BlackTitle "GM"]
[WhiteElo "2525"]
[BlackElo "2624"]
[WhiteTeam "Muzhskoe Dvizhenie (St. Petersburg)"]
[BlackTeam "HQ Sima-land (Sverdlovsk region)"]
[WhiteFideId "4171055"]
[BlackFideId "24125890"]
[EventDate "2019.05.01"]

1. e4 c6 2. d4 d5 3. Nd2 dxe4 4. Nxe4 Nf6 5. Nxf6+ exf6 6. Bc4 Na6 7. Nf3 Bd6 8.
Qe2+ Qe7 9. Qxe7+ Bxe7 10. Bf4 Be6 11. Bxe6 fxe6 12. O-O-O Kf7 13. Rhe1 Rad8 14.
c3 c5 15. Be3 g5 16. Kc2 g4 17. Ng1 cxd4 18. Rxd4 Rxd4 19. Bxd4 b6 20. Ne2 Nc7
21. c4 Rc8 22. Bc3 b5 23. Rd1 e5 24. cxb5 Nxb5 25. f3 h5 26. f4 exf4 27. Nxf4
Bd6 28. Ne2 Bxh2 29. Rh1 Be5 30. Rxh5 Kg6 31. Nf4+ Kg7 32. Ne2 Nxc3 33. bxc3 Kg6
34. Rh1 f5 35. Kd3 Rb8 36. c4 Rd8+ 37. Ke3 Bd6 38. Nc1 Bc5+ 39. Ke2 Re8+ 40. Kd2
f4 41. Nd3 Be3+ 42. Kc3 Rg8 43. c5 f3 44. gxf3 g3 45. Ne1 Bxc5 46. Ng2 Rc8 47.
Kd3 Rd8+ 48. Ke2 Re8+ 49. Kd3 Rb8 50. Rh4 Bf2 51. Rg4+ Kf7 52. Nh4 Rb1 53. f4
Ra1 54. Ke4 Rxa2 55. Rg5 Ra4+ 56. Kf3 a5 57. Rf5+ Ke6 58. Re5+ Kd7 59. Nf5 Ra3+
60. Kg2 Ra2 61. Re7+ Kc6 62. Re8 a4 63. Nxg3 a3 64. Ne2 Bc5 65. Kf3 Rd2 66. Ra8
Kb5 67. f5 Kc4 68. Nf4 a2 69. f6 Kb3 70. f7 Bb4 71. Rb8 a1=Q 72. Rxb4+ Kxb4 73.
f8=Q+ Kb3 74. Qf7+ Kc2 75. Qc4+ Kb1 76. Qf1+ Kb2 77. Nd3+ Rxd3+ 78. Qxd3 Qa3 79.
Qe3 Qxe3+ 80. Kxe3 Kc2 1/2-1/2

[Event "TCh-RUS Premier 2019"]
[Site "Sochi RUS"]
[Date "2019.05.10"]
[Round "9.4"]
[Board "5"]
[White "Predke, Alexandr"]
[Black "Ionov, Sergey"]
[Result "1-0"]
[WhiteTitle "GM"]
[BlackTitle "GM"]
[WhiteElo "2626"]
[BlackElo "2530"]
[WhiteTeam "HQ Sima-land (Sverdlovsk region)"]
[BlackTeam "Muzhskoe Dvizhenie (St. Petersburg)"]
[WhiteFideId "24107581"]
[BlackFideId "4100875"]
[EventDate "2019.05.01"]

1. d4 e6 2. c4 f5 3. g3 Nf6 4. Bg2 c6 5. Nf3 d5 6. O-O Bd6 7. b3 Qe7 8. Bb2 O-O
9. Qc1 b6 10. Ba3 Bb7 11. Bxd6 Qxd6 12. Nc3 Nbd7 13. Rd1 Rac8 14. e3 Rfd8 15.
Ne2 Ne4 16. Qb2 Qe7 17. Nf4 a5 18. Rac1 Re8 19. Rc2 Nd6 20. h3 Nf7 21. Rdc1 g5
22. Nd3 h6 23. cxd5 exd5 24. Rc3 Qe6 25. Qc2 Rf8 26. Qd1 Qd6 27. a3 Kg7 28. b4
axb4 29. axb4 b5 30. Ra3 Ra8 31. Rca1 Rxa3 32. Rxa3 Ra8 33. Rxa8 Bxa8 34. Qa1
Qb8 35. Nc5 Nb6 36. Ne5 Bb7 37. Qb1 Nd6 38. g4 Bc8 39. Nxc6 Qc7 40. Ne5 Qe7 41.
Qa2 fxg4 42. hxg4 Ndc4 43. Bf3 Nxe5 44. dxe5 Nc4 45. Bxd5 Bxg4 46. Bxc4 bxc4 47.
Qxc4 Bf3 48. Ne6+ Kh8 49. Qc8+ 1-0

[Event "TCh-RUS Premier 2019"]
[Site "Sochi RUS"]
[Date "2019.05.10"]
[Round "9.5"]
[Board "2"]
[White "Esipenko, Andrey"]
[Black "Matlakov, Maxim"]
[Result "0-1"]
[WhiteTitle "GM"]
[BlackTitle "GM"]
[WhiteElo "2620"]
[BlackElo "2697"]
[WhiteTeam "Molodezhka (Tyumen region)"]
[BlackTeam "Mednyi vsadnik (St. Petersburg)"]
[WhiteFideId "24175439"]
[BlackFideId "4168003"]
[EventDate "2019.05.01"]

1. e4 c5 2. Nf3 d6 3. d4 cxd4 4. Nxd4 Nf6 5. Nc3 a6 6. h4 e5 7. Nb3 Be7 8. Bg5
Be6 9. Bxf6 Bxf6 10. g3 Be7 11. Qd2 Nd7 12. O-O-O Nf6 13. f4 b5 14. f5 Bd7 15.
Qd3 Rc8 16. Kb1 O-O 17. Nd2 Bc6 18. Bg2 Qb6 19. Bf3 h5 20. Qe2 a5 21. Nd5 Bxd5
22. exd5 a4 23. Bxh5 a3 24. Ne4 axb2 25. Nxf6+ Bxf6 26. Bg6 Rc7 27. Qh5 Rfc8 28.
g4 Qf2 0-1

[Event "TCh-RUS Premier 2019"]
[Site "Sochi RUS"]
[Date "2019.05.10"]
[Round "9.5"]
[Board "3"]
[White "Rodshtein, Maxim"]
[Black "Yuffa, Daniil"]
[Result "1-0"]
[WhiteTitle "GM"]
[BlackTitle "GM"]
[WhiteElo "2699"]
[BlackElo "2595"]
[WhiteTeam "Mednyi vsadnik (St. Petersburg)"]
[BlackTeam "Molodezhka (Tyumen region)"]
[WhiteFideId "2806851"]
[BlackFideId "24131423"]
[EventDate "2019.05.01"]

1. d4 Nf6 2. c4 e6 3. Nf3 Bb4+ 4. Nbd2 O-O 5. a3 Be7 6. e4 d6 7. Be2 c5 8. d5
exd5 9. cxd5 Bg4 10. Qc2 Nbd7 11. O-O Ne5 12. Re1 Bxf3 13. Nxf3 Nxf3+ 14. Bxf3
Nd7 15. Be2 Bf6 16. Be3 Re8 17. Rac1 Qe7 18. f3 a6 19. Qd2 b5 20. b3 g6 21. Bf2
Qf8 22. Bf1 Qg7 23. Rc2 Be5 24. g3 Bd4 25. Bxd4 cxd4 26. Rc7 Nc5 27. b4 Na4 28.
Rc6 Rad8 29. Rxa6 Nc3 30. Bd3 Re7 31. Rb6 Ra7 32. Ra1 Qe5 33. f4 Qe8 34. Qf2
Nxe4 35. Qxd4 Nd2 36. Qf2 Nc4 37. Rxb5 Qxb5 38. Qxa7 Qxd5 39. Bxc4 Qxc4 40. Re1
d5 41. Qc5 Qa2 42. b5 d4 43. Qb6 Qd5 44. Qc6 d3 45. Qxd5 Rxd5 46. a4 Rd4 47. a5
d2 48. Rd1 Rd5 49. a6 Rxb5 50. Rxd2 Ra5 51. Rd6 Ra2 52. Kf1 h5 53. Ke1 Kg7 54.
h4 Ra3 55. Kd2 Rxg3 56. Rd3 Rg2+ 57. Kc3 Ra2 58. Rd6 Kf8 59. Kb4 Ke7 60. Rb6 Kd7
61. Kb5 Rb2+ 62. Kc5 Ra2 63. Rb7+ Kc8 64. Kb6 Rb2+ 65. Kc6 Ra2 66. Rb6 Ra5 67.
Kd6 Ra4 68. Ke7 Re4+ 69. Kf8 Kc7 70. Rf6 Re3 71. Kxf7 Rh3 72. Kxg6 Rxh4 73. Kg5
Rh1 74. Rh6 1-0

[Event "TCh-RUS Premier 2019"]
[Site "Sochi RUS"]
[Date "2019.05.10"]
[Round "9.5"]
[Board "4"]
[White "Antipov, Mikhail Al."]
[Black "Ponkratov, Pavel"]
[Result "1/2-1/2"]
[WhiteTitle "GM"]
[BlackTitle "GM"]
[WhiteElo "2595"]
[BlackElo "2640"]
[WhiteTeam "Molodezhka (Tyumen region)"]
[BlackTeam "Mednyi vsadnik (St. Petersburg)"]
[WhiteFideId "4107012"]
[BlackFideId "4157800"]
[EventDate "2019.05.01"]

1. Nf3 Nf6 2. g3 c5 3. Bg2 Nc6 4. c4 d5 5. cxd5 Nxd5 6. Nc3 Nc7 7. d3 e5 8. Nd2
Bd7 9. O-O f6 10. e3 Be6 11. Bxc6+ bxc6 12. Qc2 Qd7 13. Nde4 Bh3 14. Re1 h5 15.
f3 h4 16. g4 f5 17. Nf2 fxg4 18. Nxh3 gxh3 19. d4 O-O-O 20. dxe5 Rh5 21. f4 Qg4+
22. Kh1 Qf3+ 23. Kg1 Qg4+ 24. Kh1 Qf3+ 25. Kg1 Qg4+ 26. Kh1 1/2-1/2

[Event "TCh-RUS Premier 2019"]
[Site "Sochi RUS"]
[Date "2019.05.10"]
[Round "9.5"]
[Board "5"]
[White "Alekseenko, Kirill"]
[Black "Lomasov, Semyon"]
[Result "1-0"]
[WhiteTitle "GM"]
[BlackTitle "IM"]
[WhiteElo "2636"]
[BlackElo "2541"]
[WhiteTeam "Mednyi vsadnik (St. Petersburg)"]
[BlackTeam "Molodezhka (Tyumen region)"]
[WhiteFideId "4135539"]
[BlackFideId "24164879"]
[EventDate "2019.05.01"]

1. e4 e6 2. d4 d5 3. e5 c5 4. c3 Nc6 5. Nf3 Qb6 6. a3 Nh6 7. Bd3 cxd4 8. O-O Bd7
9. b4 Rc8 10. h3 Nf5 11. Bxf5 exf5 12. cxd4 a5 13. Nc3 Be6 14. Na4 Qb5 15. Nc5
axb4 16. axb4 Be7 17. Bg5 b6 18. Bxe7 Kxe7 19. Nb7 Rhd8 20. Nxd8 Kxd8 21. Ng5
Ke7 22. Nxh7 Qxb4 23. Ra4 Qc3 24. Qb1 Nxd4 25. Qxb6 Nc6 26. Qb7+ Bd7 27. Raa1
Nxe5 28. Qxd5 Qc5 29. Qd2 f6 30. Rfe1 Kf7 31. Rac1 Qb6 32. Rb1 Qa7 33. Rb3 Be6
34. Rg3 Qc5 35. Qf4 Ng6 36. Ng5+ fxg5 37. Qxg5 Nf8 38. Qxg7+ Ke8 39. Qh8 Rc6 40.
Rg8 Qb4 41. Qe5 Kd8 42. Rd1+ Kc8 43. Qf6 1-0